Los nombres de dominio a la luz de la nueva reglamentación de NIC Chile
I tiakina i:
| Kaituhi matua: | |
|---|---|
| Hōputu: | Pukapuka |
| Reo: | Pāniora |
| I whakaputaina: |
Santiago
Colegio de Abogados de Chile
2015
|
| Putanga: | 1a. ed |
| Rangatū: | Ciclo de Charlas Los Martes al Colegio
|
| Ngā marau: | |
| Ngā Tūtohu: |
Tāpirihia he Tūtohu
Kāore He Tūtohu, Me noho koe te mea tuatahi ki te tūtohu i tēnei pūkete!
|
MARC
| LEADER | 00000cam a2200000 a 4500 | ||
|---|---|---|---|
| 001 | UCD0982 | ||
| 003 | CL-VaPUC | ||
| 008 | 151231e20150400cl |||||||||||||||||spa|d | ||
| 082 | 0 | 4 | |a 346.048 |b ARA |2 21 |
| 100 | 0 | |a Arancibia Obrador, María José |e author |9 584043 | |
| 245 | 1 | 4 | |a Los nombres de dominio a la luz de la nueva reglamentación de NIC Chile |
| 250 | |a 1a. ed | ||
| 300 | |a 16 p | ||
| 942 | |c BK | ||
| 945 | |d 20151231 00:35:00 |a arojas | ||
| 260 | |a Santiago |b Colegio de Abogados de Chile |c 2015 | ||
| 500 | |a Charla dictada el martes 14 de Abril de 2015 | ||
| 650 | 7 | |a NOMBRES DE DOMINIO |2 CL-VaPUC |9 463538 | |
| 650 | 0 | |a Propiedad intangible |9 584044 | |
| 650 | 0 | |a Derecho privado |9 258243 | |
| 650 | 7 | |a REGLAMENTACION |2 CL-VaPUC |9 337393 | |
| 583 | |a last modification |c 20190909 10:31:50 |k Rodrigo Vera | ||
| 490 | 0 | |a Ciclo de Charlas Los Martes al Colegio | |
| 999 | |c 362413 |d 362411 | ||
| 952 | |0 0 |1 0 |2 ddc |3 erb |4 0 |6 346_048000000000000_ARA_2015 |7 0 |8 A |9 473670 |a BIBDER |b BIBDER |i 5257956 |o 346.048 ARA 2015 |p 5257956 |r 2023-01-25 |w 2019-11-24 |y MX |z Catalogado en:20151231 |k DER | ||